Statistics for Naples scorers in Serie A 2014-2015

Click here to take the quiz!

General Stats

  • This quiz has been taken 58 times
    (41 since last reset)
  • The average score is 9 of 12

Answer Stats

PlayersGoals% Correct
Gonzalo Higuain18
100%
Lorenzo Insigne2
100%
Dries Mertens6
97%
Jose Callejon11
91%
Kalidou Koulibaly1
91%
Marek Hamsik7
91%
Gökhan Inler1
68%
Manolo Gabbiadini8
68%
Duvan Zapata6
59%
Jonathan De Guzman3
47%
David Lopez1
44%
Miguel Britos1
38%

Score Distribution

Percentile by Number Answered

Percent of People with Each Score

Your Score History

You have not taken this quiz since the last reset